Statistics for Falsettos Lyrics

Click here to take the quiz!

General Stats

  • This quiz has been taken 34 times
  • The average score is 11 of 15

Answer Stats

HintAnswer% Correct
In fact, God said to Moses: "Moses, everyone ____ his parents"hates
100%
look, look, look, look, look. It's a ____ from next door!lesbian
96%
Lovers come and lovers go, lovers live and die ____fortissimo
93%
Once I was told that ____ ___ get better with age - we're just gonna skip that stagegood men
89%
It's a goddamn surety, we're lacking in _____maturity
89%
I think _____ is the most beautiful thingchess
86%
When the doctors started using phrases like ____you'll pass away
82%
The only thing that's ______ __ is my familybreaking up
75%
I'll soon redecorate these stalls, I'd like some _____ on the wallspadding
75%
Does this mean that I'm a ____?fairy
61%
Is this therapy? (This is therapy) Then, _____scram!
61%
Do you love him? / Do you need him?Sorta kinda
61%
Give me the balls to orchestrate a graceful leave, that's my ____reprieve
57%
In case of smoke, please ____ ___ ______ on the phonecall our mothers
46%
Are you just a big ______ ?psychiatrist
46%

Score Distribution

Percentile by Number Answered

Percent of People with Each Score

Your Score History

You have not taken this quiz